[Event "Campeonato del Mundo sub-20 2010"]
[Site "Chotowa POL"]
[Date "2010.08.14"]
[Round "11.9"]
[White "Bindrich, Falko"]
[Black "Rasulov, Vugar Ural"]
[Result "1-0"]
[WhiteElo "2522"]
[BlackElo "2442"]
[PlyCount "101"]
[EventDate "2010.08.03"]
[EventType "swiss"]
[EventRounds "13"]
[EventCountry "POL"]
[Source "lmi"]
[SourceDate "2010.08.03"]

1. d4 Nf6 2. c4 c5 3. Nf3 cxd4 4. Nxd4 Nc6 5. Nc3 g6 6. g3 Bg7 7. Nc2 O-O 8.
Bg2 d6 9. O-O Nd7 10. Bd2 a5 11. Rc1 Nc5 12. Be3 Be6 13. Na3 Qd7 14. Qd2 Bh3
15. Rfd1 Bxg2 16. Kxg2 Qe6 17. f3 Rad8 18. Nd5 f5 19. Nb5 Qf7 20. b3 h5 21. h4
Ne6 22. Nf4 Nxf4+ 23. Bxf4 Kh7 24. Bg5 Bf6 25. Bxf6 Qxf6 26. Nc3 e6 27. Qg5 Qf7
28. Nb5 d5 29. Nd4 Nb4 30. a3 Na6 31. Nb5 Qg7 32. cxd5 exd5 33. Nd4 Rde8 34.
Kf2 Re7 35. Qd2 f4 36. gxf4 Qf6 37. Kg3 Qd6 38. Nb5 Qb6 39. Nd4 Qd6 40. Nb5 Qb6
41. Qxd5 Rxe2 42. Qd7+ Kh6 43. Nd4 Re3 44. Rc8 Qf6 45. Rxf8 Qxf8 46. Ne6 Qf6
47. Ng5 Re7 48. Qd8 Nc5 49. Rd6 Qa1 50. Qf8+ Qg7 51. f5 1-0

[Event "Campeonato del Mundo sub-20 2010"]
[Site "Chotowa POL"]
[Date "2010.08.14"]
[Round "11.10"]
[White "Sethuraman, Sethuraman Panayapp"]
[Black "Kasyan, Aleksandr"]
[Result "0-1"]
[WhiteElo "2513"]
[BlackElo "2326"]
[PlyCount "124"]
[EventDate "2010.08.03"]
[EventType "swiss"]
[EventRounds "13"]
[EventCountry "POL"]
[Source "lmi"]
[SourceDate "2010.08.03"]

1. e4 e5 2. Nf3 Nc6 3. Bb5 a6 4. Ba4 Nf6 5. O-O Be7 6. d3 b5 7. Bb3 d6 8. a4
Rb8 9. c3 O-O 10. Nbd2 d5 11. exd5 Nxd5 12. Ne4 Bf5 13. Re1 Bg6 14. Ng3 Bf6 15.
h4 Nf4 16. axb5 axb5 17. Ra6 Rb6 18. Rxb6 cxb6 19. d4 Bxh4 20. d5 Na5 21. Nxe5
Nd3 22. Nxd3 Nxb3 23. Nb4 Nxc1 24. Qxc1 Bg5 25. Qd1 Bf4 26. Qg4 Bd6 27. Nc6 Qf6
28. Ne4 Bxe4 29. Qxe4 Qh6 30. g3 Qd2 31. Re2 Qd1+ 32. Kg2 g6 33. Re1 Qd2 34.
Re2 Qd1 35. Qf3 Kg7 36. Qe4 Kg8 37. Re3 Ra8 38. Rf3 Bf8 39. Qd3 Qc1 40. Qe3 Qd1
41. Qd3 Qc1 42. Qf1 Qxb2 43. d6 Bxd6 44. Qd3 Qa3 45. Qd5 Rf8 46. Rf6 Bc5 47.
Rf3 Qa4 48. Rf4 Qa6 49. Nd8 Qa7 50. Nc6 Qb7 51. Re4 Qc7 52. Rf4 Qd6 53. Qf3 f5
54. Nd4 Rd8 55. Nxb5 Qd5 56. Qxd5+ Rxd5 57. Ra4 Bxf2 58. Ra8+ Kg7 59. Ra7+ Kh6
60. Nc7 Rd2 61. Kf3 Bc5 62. Ne8 Rf2# 0-1

[Event "Campeonato del Mundo sub-20 2010"]
[Site "Chotowa POL"]
[Date "2010.08.14"]
[Round "11.11"]
[White "Soors, Stef"]
[Black "Martinovic, Sasa"]
[Result "1/2-1/2"]
[WhiteElo "2259"]
[BlackElo "2505"]
[PlyCount "64"]
[EventDate "2010.08.03"]
[EventType "swiss"]
[EventRounds "13"]
[EventCountry "POL"]
[Source "lmi"]
[SourceDate "2010.08.03"]

1. e4 e6 2. d4 d5 3. Nd2 c5 4. exd5 Qxd5 5. Ngf3 cxd4 6. Bc4 Qd6 7. O-O Nf6 8.
Nb3 Nc6 9. Nbxd4 Nxd4 10. Nxd4 Bd7 11. Re1 O-O-O 12. Nb5 Qxd1 13. Rxd1 a6 14.
Nd6+ Bxd6 15. Rxd6 Bc6 16. Rxd8+ Rxd8 17. Be3 Nd5 18. Bxd5 Rxd5 19. f3 e5 20.
Kf2 Rd6 21. Re1 b5 22. Re2 Kc7 23. Rd2 Bd5 24. b3 Kc6 25. c4 bxc4 26. bxc4 Bxc4
27. Rxd6+ Kxd6 28. a4 Ke6 29. f4 e4 30. a5 Kf5 31. h4 Kg4 32. g3 f6 1/2-1/2

[Event "Campeonato del Mundo sub-20 2010"]
[Site "Chotowa POL"]
[Date "2010.08.14"]
[Round "11.12"]
[White "Simonian, Hrair"]
[Black "Negi, Parimarjan"]
[Result "0-1"]
[WhiteElo "2494"]
[BlackElo "2615"]
[PlyCount "128"]
[EventDate "2010.08.03"]
[EventType "swiss"]
[EventRounds "13"]
[EventCountry "POL"]
[Source "lmi"]
[SourceDate "2010.08.03"]

1. e4 c5 2. Nc3 d6 3. Nge2 Nf6 4. g3 g6 5. Bg2 Bg7 6. O-O Nc6 7. d3 O-O 8. f4
Rb8 9. h3 Nd7 10. g4 b5 11. Ng3 c4 12. Kh2 cxd3 13. cxd3 Nd4 14. Nce2 b4 15.
Be3 Nxe2 16. Qxe2 Nc5 17. Rfc1 Ba6 18. Bxc5 dxc5 19. Rxc5 Qd6 20. Rd5 Qxf4 21.
e5 e6 22. Rf1 Qxf1 23. Nxf1 exd5 24. Bxd5 Rbe8 25. Qf3 Bxe5+ 26. Kg2 Bxb2 27.
Nd2 Rd8 28. h4 Rd7 29. Nc4 Rfd8 30. Nxb2 Rxd5 31. Qf6 Bxd3 32. Nxd3 Rxd3 33. h5
R3d6 34. Qe7 gxh5 35. gxh5 h6 36. Qxa7 Rd5 37. Qb6 R8d6 38. Qb8+ Kg7 39. Qxb4
Rf6 40. Qc3 Rg5+ 41. Kh3 Rxh5+ 42. Kg4 Rg5+ 43. Kh4 Rgg6 44. Kh3 Kh7 45. Qd3
Rf4 46. a3 Kg8 47. Qd8+ Kg7 48. Qd2 Rf3+ 49. Kh4 h5 50. Qe2 Rf4+ 51. Kh3 Kh7
52. Qe3 Rfg4 53. Qf3 Kg8 54. Qa8+ Kg7 55. Qf3 Rc4 56. Qb3 Rf4 57. Qb2+ Kh7 58.
Qc1 Rf3+ 59. Kh2 Rf2+ 60. Kh3 h4 61. Qc7 Rg3+ 62. Kxh4 Rg6 63. Qe5 Rf1 64. Qd5
Rh1+ 0-1

[Event "Campeonato del Mundo sub-20 2010"]
[Site "Chotowa POL"]
[Date "2010.08.14"]
[Round "11.13"]
[White "Cori, Tello Jorge Moises"]
[Black "Hovhannisyan, Robert"]
[Result "1-0"]
[WhiteElo "2486"]
[BlackElo "2529"]
[PlyCount "69"]
[EventDate "2010.08.03"]
[EventType "swiss"]
[EventRounds "13"]
[EventCountry "POL"]
[Source "lmi"]
[SourceDate "2010.08.03"]

1. d4 d5 2. Nf3 Nf6 3. c4 c6 4. e3 Bg4 5. Nc3 e6 6. h3 Bh5 7. g4 Bg6 8. Ne5
Nbd7 9. h4 dxc4 10. Nxg6 hxg6 11. Bxc4 Bb4 12. Bd2 Bxc3 13. Bxc3 Ne4 14. h5
gxh5 15. gxh5 Nxc3 16. bxc3 Qa5 17. Qb3 Rb8 18. Rg1 Rxh5 19. Rxg7 Rh1+ 20. Bf1
Qa6 21. c4 Qa5+ 22. Ke2 Qh5+ 23. f3 c5 24. Rd1 Ke7 25. Bg2 Rxd1 26. Qxd1 cxd4
27. Qxd4 Rc8 28. Kf2 b6 29. Bf1 Rc5 30. Bd3 Ra5 31. Bb1 Rg5 32. Rh7 Rc5 33. Rg7
Ra5 34. Bd3 Rg5 35. Bb1 1-0

[Event "Campeonato del Mundo sub-20 2010"]
[Site "Chotowa POL"]
[Date "2010.08.14"]
[Round "11.14"]
[White "Ter-Sahakyan, Samvel"]
[Black "Yilmaz, Mustafa"]
[Result "0-1"]
[WhiteElo "2525"]
[BlackElo "2479"]
[PlyCount "108"]
[EventDate "2010.08.03"]
[EventType "swiss"]
[EventRounds "13"]
[EventCountry "POL"]
[Source "lmi"]
[SourceDate "2010.08.03"]

1. e4 c5 2. Nf3 d6 3. d4 cxd4 4. Nxd4 Nf6 5. Nc3 a6 6. Be3 e5 7. Nb3 Be7 8. f3
Be6 9. Qd2 O-O 10. O-O-O a5 11. Bb5 Na6 12. Qe2 Qb8 13. g4 Rc8 14. g5 Ne8 15.
f4 Nec7 16. Bxa6 Nxa6 17. f5 Bc4 18. Qe1 Qc7 19. f6 Bf8 20. Kb1 b5 21. Qf2 a4
22. Na5 Be6 23. Bb6 Qd7 24. Nd5 Bxd5 25. exd5 a3 26. Nc6 axb2 27. Rhf1 Nb8 28.
Na5 b4 29. fxg7 Bxg7 30. Rd3 Rc3 31. Rf3 Rxf3 32. Qxf3 Ra6 33. Nc4 e4 34. Qb3
Qb5 35. Rxf7 Rxb6 36. Rxg7+ Kxg7 37. Qxb2+ Kg8 38. Nxb6 Qxb6 39. Qf6 Qc7 40.
Qe6+ Qf7 41. Qc8+ Qf8 42. Qe6+ Kh8 43. Qxe4 Na6 44. h4 Nc5 45. Qxb4 Kg7 46. a4
Kg6 47. Qg4 Qf1+ 48. Kb2 Qh1 49. Qf4 Qxd5 50. Qf6+ Kh5 51. Qh6+ Kg4 52. Qxh7
Qd4+ 53. Kc1 Ne4 54. Qd7+ Kxh4 0-1

[Event "Campeonato del Mundo sub-20 2010"]
[Site "Chotowa POL"]
[Date "2010.08.14"]
[Round "11.15"]
[White "Diamant, Andre"]
[Black "Arnold, Marc Tyler"]
[Result "0-1"]
[WhiteElo "2518"]
[BlackElo "2432"]
[PlyCount "112"]
[EventDate "2010.08.03"]
[EventType "swiss"]
[EventRounds "13"]
[EventCountry "POL"]
[Source "lmi"]
[SourceDate "2010.08.03"]

1. e4 c5 2. Nf3 d6 3. d4 cxd4 4. Nxd4 Nf6 5. Nc3 a6 6. Be2 e5 7. Nb3 Be7 8. O-O
O-O 9. Kh1 Nc6 10. a4 Be6 11. Be3 Rc8 12. f4 exf4 13. Rxf4 Nd7 14. Nd4 Nxd4 15.
Bxd4 Bf6 16. Bxf6 Nxf6 17. Qd4 Qe7 18. Rd1 Rfd8 19. h3 h6 20. Rf3 Nd7 21. Qxd6
Qxd6 22. Rxd6 Ne5 23. Rxd8+ Rxd8 24. Rf1 Rd2 25. Rc1 Bc4 26. Bd1 Bf1 27. g3
Bxh3 28. Be2 Bg4 29. Bxg4 Nxg4 30. a5 Ne3 31. e5 Nxc2 32. Ne4 Re2 33. Nc3 Re1+
34. Rxe1 Nxe1 35. Ne4 Nd3 36. b3 Kf8 37. Nd6 Nxe5 38. Nxb7 Nc6 39. Nc5 Nxa5 40.
b4 Nc4 41. Nxa6 Ke7 42. Kg2 Kd6 43. Kf3 Kc6 44. Ke4 Kb5 45. Nc7+ Kxb4 46. Ne8
g6 47. Nf6 Kc5 48. Ng8 Kd6 49. Nxh6 Ne5 50. Kf4 f6 51. Ng8 Ke6 52. Nh6 Ke7 53.
g4 Nf7 54. Ng8+ Ke6 55. Nh6 Ke7 56. Ng8+ Ke6 0-1

[Event "Campeonato del Mundo sub-20 2010"]
[Site "Chotowa POL"]
[Date "2010.08.14"]
[Round "11.17"]
[White "Pacher, Milan"]
[Black "Salgado Lopez, Ivan"]
[Result "0-1"]
[WhiteElo "2417"]
[BlackElo "2607"]
[PlyCount "120"]
[EventDate "2010.08.03"]
[EventType "swiss"]
[EventRounds "13"]
[EventCountry "POL"]
[Source "lmi"]
[SourceDate "2010.08.03"]

1. d4 Nf6 2. c4 e6 3. Nf3 d5 4. Nc3 c6 5. Bg5 h6 6. Bh4 dxc4 7. e4 g5 8. Bg3 b5
9. Be2 Bb7 10. O-O Nbd7 11. Ne5 Nxe5 12. Bxe5 Bg7 13. a4 a6 14. Qc1 O-O 15. Qe3
c5 16. axb5 cxd4 17. Qxd4 Qxd4 18. Bxd4 axb5 19. e5 Nd7 20. Nxb5 Nxe5 21. Nd6
Rxa1 22. Rxa1 Bd5 23. Bxe5 Bxe5 24. Nxc4 Bg7 25. Ne3 Bb3 26. Nd1 Rb8 27. g3 Bc2
28. Ra2 Bb1 29. Ra7 Bg6 30. Ra2 h5 31. Ra5 Bf6 32. Rb5 Rc8 33. Nc3 Kg7 34. Kg2
Kh6 35. Rb3 Bc2 36. Ra3 Rb8 37. Ra2 Rb4 38. h3 Bf5 39. Nd1 Bg6 40. Bf3 Rd4 41.
Ra7 Kg7 42. Kf1 h4 43. gxh4 gxh4 44. Rb7 Bf5 45. Kg2 Bg5 46. Rc7 Rd2 47. b4 Rd3
48. Rc4 Kh6 49. Ne3 Bxe3 50. Rxh4+ Kg5 51. Rh5+ Kg6 52. fxe3 Rxe3 53. Rh4 Rb3
54. Be2 Kg5 55. Rh5+ Kf4 56. Rh4+ Ke3 57. Bf3 Bd3 58. Kg3 f5 59. Bd1 Rb1 60.
Ba4 e5 0-1

[Event "Campeonato del Mundo sub-20 2010"]
[Site "Chotowa POL"]
[Date "2010.08.14"]
[Round "11.19"]
[White "Fernandez, Daniel Howard"]
[Black "Grandelius, Nils"]
[Result "0-1"]
[WhiteElo "2401"]
[BlackElo "2505"]
[PlyCount "122"]
[EventDate "2010.08.03"]
[EventType "swiss"]
[EventRounds "13"]
[EventCountry "POL"]
[Source "lmi"]
[SourceDate "2010.08.03"]

1. e4 c5 2. Nf3 d6 3. Nc3 a6 4. d4 cxd4 5. Qxd4 Nc6 6. Qd3 Nf6 7. Be2 g6 8. O-O
Bg7 9. Nd5 O-O 10. Bg5 Nxd5 11. exd5 Ne5 12. Nxe5 Bxe5 13. Qb3 b5 14. c3 Bd7
15. Rfd1 Re8 16. Rd2 Rb8 17. h3 a5 18. a3 Qc7 19. Be3 Bf6 20. Bf1 Rec8 21. Kh2
e5 22. dxe6 Bxe6 23. Qd1 b4 24. axb4 axb4 25. Ra7 Rb7 26. Rxb7 Qxb7 27. Bd4
Bxd4 28. Rxd4 bxc3 29. bxc3 d5 30. Rd3 Qb2 31. Qe1 Ra8 32. Be2 Ra1 33. Rd1 Rxd1
34. Bxd1 Qc1 35. Kg1 d4 36. cxd4 Bb3 37. Qe8+ Kg7 38. Qe5+ Kh6 39. Kh2 Qxd1 40.
h4 Qd2 41. f3 Bc4 42. Kg1 Qe2 43. Qf6 Qe6 44. Qf4+ Kg7 45. h5 gxh5 46. Qg3+ Qg6
47. Qc7 Qb1+ 48. Kh2 Qd3 49. Qg3+ Qg6 50. Qc7 Bf1 51. Qe5+ Kh6 52. Qe3+ Qg5 53.
Qf2 Bc4 54. Qb2 h4 55. Qb6+ Be6 56. Qd6 Qg3+ 57. Qxg3 hxg3+ 58. Kxg3 Kg5 59.
Kf2 Kh4 60. g3+ Kh3 61. g4 Bd5 0-1

[Event "Campeonato del Mundo sub-20 2010"]
[Site "Chotowa POL"]
[Date "2010.08.14"]
[Round "11.20"]
[White "Andersen, Mads"]
[Black "Lalith, Babu Musunuri Rohit"]
[Result "1-0"]
[WhiteElo "2382"]
[BlackElo "2502"]
[PlyCount "127"]
[EventDate "2010.08.03"]
[EventType "swiss"]
[EventRounds "13"]
[EventCountry "POL"]
[Source "lmi"]
[SourceDate "2010.08.03"]

1. e4 c6 2. d4 d5 3. Nc3 dxe4 4. Nxe4 Bf5 5. Ng3 Bg6 6. h4 h6 7. Nf3 Nd7 8. h5
Bh7 9. Bd3 Bxd3 10. Qxd3 e6 11. Bd2 Ngf6 12. O-O-O Be7 13. Qe2 O-O 14. Nf1 Nb6
15. Ne3 Na4 16. Rh3 Qb6 17. Nc4 Qb5 18. Nfe5 Qd5 19. Kb1 b5 20. Na5 Ne4 21. Be1
Rac8 22. b3 Ng5 23. bxa4 Nxh3 24. gxh3 bxa4 25. c4 Qd8 26. Ka1 Bf6 27. Naxc6
Qb6 28. c5 Qb7 29. Rb1 Qa8 30. Qa6 Bxe5 31. Nxe5 Qe4 32. Qd3 Qh4 33. Bc3 Qxh5
34. Rg1 f6 35. Qg6 Qxg6 36. Nxg6 Rfe8 37. f4 Kf7 38. Kb2 Red8 39. Nh4 g5 40.
Nf3 Rd5 41. fxg5 hxg5 42. Kc2 e5 43. Rb1 Kg6 44. Rb7 Rh8 45. c6 exd4 46. Nxd4
Rxh3 47. Rb5 Rd8 48. c7 Rc8 49. Ba5 Rh7 50. Rc5 a6 51. Nc6 g4 52. Na7 g3 53.
Nxc8 g2 54. Ne7+ Rxe7 55. c8=Q g1=Q 56. Qg8+ Rg7 57. Qe8+ Rf7 58. Qg8+ Rg7 59.
Qd5 Qf2+ 60. Bd2 Re7 61. Qh5+ Kg7 62. Qh6+ Kf7 63. Qh7+ Ke6 64. Qg8+ 1-0

[Event "Campeonato del Mundo sub-20 2010"]
[Site "Chotowa POL"]
[Date "2010.08.14"]
[Round "11.21"]
[White "Dimitrov, Radoslav"]
[Black "Piorun, Kacper"]
[Result "0-1"]
[WhiteElo "2380"]
[BlackElo "2499"]
[PlyCount "72"]
[EventDate "2010.08.03"]
[EventType "swiss"]
[EventRounds "13"]
[EventCountry "POL"]
[Source "lmi"]
[SourceDate "2010.08.03"]

1. c4 e5 2. Nc3 Bb4 3. g3 Bxc3 4. bxc3 Nc6 5. Bg2 Nge7 6. Nf3 d6 7. O-O O-O 8.
d4 h6 9. Ba3 e4 10. Nd2 f5 11. e3 b6 12. f3 exf3 13. Qxf3 Ba6 14. e4 fxe4 15.
Qxe4 Qd7 16. Bf3 Bc8 17. Be2 Qe8 18. Rxf8+ Qxf8 19. Rf1 Bf5 20. Qg2 Qc8 21. g4
Bg6 22. h4 Qa6 23. Bc1 Rf8 24. Bf3 Qa4 25. h5 Be8 26. g5 hxg5 27. Qxg5 Qc2 28.
Qg2 Qxc3 29. Nb3 Qc2 30. Nd2 Qc3 31. Nb3 Qxc4 32. h6 Rf7 33. Re1 Nxd4 34. Bh5
Bc6 35. Qg5 g6 36. Rxe7 Qf1+ 0-1

[Event "Campeonato del Mundo sub-20 2010"]
[Site "Chotowa POL"]
[Date "2010.08.14"]
[Round "11.22"]
[White "Narmontas, Matas"]
[Black "Delorme, Axel"]
[Result "0-1"]
[WhiteElo "2379"]
[BlackElo "2455"]
[PlyCount "90"]
[EventDate "2010.08.03"]
[EventType "swiss"]
[EventRounds "13"]
[EventCountry "POL"]
[Source "lmi"]
[SourceDate "2010.08.03"]

1. e4 e5 2. Nf3 Nc6 3. Bb5 a6 4. Bxc6 dxc6 5. O-O Bg4 6. h3 Bh5 7. g4 Bg6 8.
Nxe5 Qh4 9. Qf3 f6 10. Nxg6 hxg6 11. Kg2 O-O-O 12. d3 g5 13. Nc3 Ne7 14. Rh1
Kb8 15. Ne2 Ng6 16. Ng3 Qh7 17. Nf5 Bd6 18. Be3 Qg8 19. Qe2 Be5 20. c3 Bf4 21.
a3 Rh7 22. Rad1 Qe6 23. Ng3 Nh4+ 24. Kf1 g6 25. Rg1 Re7 26. f3 f5 27. Bc5 Ree8
28. Nh1 Qb3 29. gxf5 gxf5 30. Nf2 fxe4 31. fxe4 b6 32. Be3 Rf8 33. Bxf4 Rxf4
34. Rg4 Rf3 35. Rxh4 Rdf8 36. Qxf3 Rxf3 37. Rh8+ Kb7 38. Rd2 Qe6 39. Kg2 Qf6
40. Rh5 Qf4 41. Rc2 Rg3+ 42. Kf1 Qf3 43. Rh6 Qg2+ 44. Ke1 Rf3 45. Re2 Qg1+ 0-1

[Event "Campeonato del Mundo sub-20 2010"]
[Site "Chotowa POL"]
[Date "2010.08.14"]
[Round "11.24"]
[White "Baryshpolets, Andrey"]
[Black "Bajarani, Ulvi"]
[Result "0-1"]
[WhiteElo "2450"]
[BlackElo "2409"]
[PlyCount "86"]
[EventDate "2010.08.03"]
[EventType "swiss"]
[EventRounds "13"]
[EventCountry "POL"]
[Source "lmi"]
[SourceDate "2010.08.03"]

1. d4 Nf6 2. c4 g6 3. Nf3 Bg7 4. g3 O-O 5. Bg2 c6 6. O-O d5 7. b3 Bg4 8. Bb2
Bxf3 9. Bxf3 Nbd7 10. Nc3 e5 11. e3 e4 12. Bg2 Re8 13. Rc1 Nb6 14. Qe2 h5 15.
a4 a5 16. Ba3 Bf8 17. Bxf8 Kxf8 18. f3 Kg7 19. fxe4 Nxe4 20. Nxe4 dxe4 21. Rf4
f5 22. h3 Nd7 23. g4 hxg4 24. hxg4 Nf6 25. Bh3 Rg8 26. Rcf1 Qb6 27. Qb2 Rh8 28.
Bg2 Rae8 29. R1f2 Nxg4 30. Rxg4 fxg4 31. Rf4 Rhf8 32. Rxg4 Qb4 33. d5+ Rf6 34.
Qa1 Qxb3 35. Qd4 Qb1+ 36. Kh2 c5 37. Qc3 Rh8+ 38. Kg3 Qg1 39. Rf4 Qh2+ 40. Kf2
Rhf8 41. Kf1 g5 42. Rf2 Qg3 43. Rf5 Kg6 0-1

[Event "Campeonato del Mundo sub-20 2010"]
[Site "Chotowa POL"]
[Date "2010.08.14"]
[Round "11.25"]
[White "Arenas Vanegas, David"]
[Black "Potapov, Pavel"]
[Result "1/2-1/2"]
[WhiteElo "2364"]
[BlackElo "2445"]
[PlyCount "82"]
[EventDate "2010.08.03"]
[EventType "swiss"]
[EventRounds "13"]
[EventCountry "POL"]
[Source "lmi"]
[SourceDate "2010.08.03"]

1. e4 c5 2. Nf3 Nc6 3. d4 cxd4 4. Nxd4 e5 5. Nb5 d6 6. N1c3 a6 7. Na3 Be7 8.
Nc4 b5 9. Ne3 Nf6 10. g3 O-O 11. Bg2 b4 12. Ncd5 Nxd5 13. Nxd5 Bg5 14. Bxg5
Qxg5 15. a3 bxa3 16. Rxa3 Rb8 17. b3 Nd4 18. Ne3 Bb7 19. O-O Rfc8 20. Qd3 Rc3
21. Qd1 Rbc8 22. Ra2 Bc6 23. Re1 Bb5 24. h4 Qd8 25. Qd2 h6 26. Kh1 Kh7 27. Kh2
R8c6 28. Qd1 R6c5 29. Bh3 Qf6 30. Kg2 Be2 31. Bf5+ Nxf5 32. Rxe2 Nxe3+ 33. Rxe3
Rxe3 34. fxe3 Qg6 35. Qf3 d5 36. exd5 Rxc2+ 37. Rxc2 Qxc2+ 38. Kh3 f5 39. e4
fxe4 40. Qf5+ Kh8 41. d6 Qd1 1/2-1/2

[Event "Campeonato del Mundo sub-20 2010"]
[Site "Chotowa POL"]
[Date "2010.08.14"]
[Round "11.26"]
[White "Swapnil, Sunil Dhopade"]
[Black "Ponizil, Cyril"]
[Result "1/2-1/2"]
[WhiteElo "2426"]
[BlackElo "2406"]
[PlyCount "43"]
[EventDate "2010.08.03"]
[EventType "swiss"]
[EventRounds "13"]
[EventCountry "POL"]
[Source "lmi"]
[SourceDate "2010.08.03"]

1. d4 Nf6 2. c4 c5 3. Nf3 cxd4 4. Nxd4 b6 5. Nc3 Bb7 6. Bg5 d6 7. e3 Nbd7 8.
Nf3 e6 9. Be2 a6 10. O-O Be7 11. Qd2 Qc7 12. Rfd1 Rd8 13. Rac1 O-O 14. h3 Qb8
15. Qe1 Rc8 16. Qf1 Rfd8 17. Bh4 Qa8 18. Bg3 Nc5 19. Bh2 Nfe4 20. Nxe4 Nxe4 21.
Nd4 Nf6 22. Bf3 1/2-1/2

[Event "Campeonato del Mundo sub-20 2010"]
[Site "Chotowa POL"]
[Date "2010.08.14"]
[Round "11.28"]
[White "Kanarek, Marcel"]
[Black "Recuero Guerra, David"]
[Result "1/2-1/2"]
[WhiteElo "2387"]
[BlackElo "2470"]
[PlyCount "91"]
[EventDate "2010.08.03"]
[EventType "swiss"]
[EventRounds "13"]
[EventCountry "POL"]
[Source "lmi"]
[SourceDate "2010.08.03"]

1. e4 e5 2. Nf3 Nc6 3. Bb5 f5 4. d3 fxe4 5. dxe4 Nf6 6. O-O Bc5 7. Qd3 d6 8.
Qc4 Qe7 9. Nc3 Bd7 10. Nd5 Nxd5 11. exd5 Nd4 12. Nxd4 Bxd4 13. Bxd7+ Qxd7 14.
a4 a6 15. Be3 Bxe3 16. fxe3 O-O-O 17. Rf2 Rdf8 18. Raf1 Rxf2 19. Rxf2 Kb8 20.
Qe4 g6 21. g3 Qe8 22. b3 Rf8 23. h4 Rxf2 24. Kxf2 Qe7 25. Kg2 Kc8 26. Qf3 Kb8
27. Kh3 b6 28. g4 h6 29. Kg3 Kb7 30. Qf1 Qg7 31. Qc4 g5 32. h5 a5 33. Qe4 Qf7
34. Qf3 Qe7 35. Qf5 Qg7 36. Kf3 Qe7 37. Ke4 Qg7 38. Kd3 Qe7 39. c3 Qg7 40. Kc4
Qe7 41. b4 axb4 42. cxb4 e4 43. Qe6 Qf8 44. Qxe4 Qf1+ 45. Qd3 Qg2 46. Qd1
1/2-1/2

[Event "Campeonato del Mundo sub-20 2010"]
[Site "Chotowa POL"]
[Date "2010.08.14"]
[Round "11.31"]
[White "Anwesh, Upadhyaya"]
[Black "Schiendorfer, Emanuel"]
[Result "1/2-1/2"]
[WhiteElo "2412"]
[BlackElo "2305"]
[PlyCount "74"]
[EventDate "2010.08.03"]
[EventType "swiss"]
[EventRounds "13"]
[EventCountry "POL"]
[Source "lmi"]
[SourceDate "2010.08.03"]

1. e4 c5 2. Nc3 d6 3. Nge2 Nf6 4. d4 cxd4 5. Nxd4 a6 6. Be3 Ng4 7. Bg5 h6 8.
Bh4 g5 9. Bg3 Bg7 10. h3 Ne5 11. Nf5 Bxf5 12. exf5 Nbc6 13. Nd5 e6 14. fxe6
fxe6 15. Ne3 Qa5+ 16. c3 Nf3+ 17. Qxf3 Bxc3+ 18. Kd1 Qa4+ 19. Nc2 Bxb2 20. Rc1
Ke7 21. Qb3 Qxb3 22. axb3 Bxc1 23. Kxc1 a5 24. Bb5 Nb4 25. Nxb4 axb4 26. Kb2
Ra5 27. Bd3 Rd5 28. Rd1 Kf6 29. f3 e5 30. Be1 Rd4 31. Rd2 h5 32. Be2 Rxd2+ 33.
Bxd2 d5 34. Bxb4 Kf5 35. Bd2 h4 36. Bd3+ Kf6 37. Bc2 Re8 1/2-1/2

[Event "Campeonato del Mundo sub-20 2010"]
[Site "Chotowa POL"]
[Date "2010.08.14"]
[Round "11.32"]
[White "Wieczorek, Oskar"]
[Black "Hamitevici, Vladimir"]
[Result "1/2-1/2"]
[WhiteElo "2316"]
[BlackElo "2411"]
[PlyCount "64"]
[EventDate "2010.08.03"]
[EventType "swiss"]
[EventRounds "13"]
[EventCountry "POL"]
[Source "lmi"]
[SourceDate "2010.08.03"]

1. e4 c5 2. Nf3 d6 3. d4 cxd4 4. Nxd4 Nf6 5. Nc3 a6 6. Bg5 e6 7. f4 Be7 8. Qf3
Qc7 9. O-O-O Nbd7 10. Bd3 h6 11. Bh4 g5 12. fxg5 Ne5 13. Qe2 Nfg4 14. Nf3 Nxf3
15. gxf3 hxg5 16. Bg3 Ne5 17. f4 gxf4 18. Bxf4 Bd7 19. Rdf1 Bc6 20. Kb1 Bh4 21.
Rhg1 O-O-O 22. Rg7 Rd7 23. Qe3 Bf6 24. Rg2 Qd8 25. Qa7 Qc7 26. Bg3 Bd8 27. Rgf2
Rh7 28. Nd5 Qb8 29. Nb6+ Bxb6 30. Qxb6 Qc7 31. Qa7 Qb8 32. Qb6 Qc7 1/2-1/2

[Event "Campeonato del Mundo sub-20 2010"]
[Site "Chotowa POL"]
[Date "2010.08.14"]
[Round "11.33"]
[White "Sagar, Shah Dharmendra"]
[Black "Dragun, Kamil"]
[Result "1-0"]
[WhiteElo "2285"]
[BlackElo "2379"]
[PlyCount "105"]
[EventDate "2010.08.03"]
[EventType "swiss"]
[EventRounds "13"]
[EventCountry "POL"]
[Source "lmi"]
[SourceDate "2010.08.03"]

1. d4 Nf6 2. c4 g6 3. Nc3 d5 4. e3 Bg7 5. cxd5 Nxd5 6. Nxd5 Qxd5 7. Ne2 O-O 8.
Nc3 Qa5 9. Bd2 c6 10. Bc4 e5 11. d5 Qb4 12. Bb3 Qh4 13. e4 Bg4 14. Qc1 Qe7 15.
h3 Bd7 16. Bg5 Bf6 17. Be3 Na6 18. O-O b5 19. Rd1 Rac8 20. d6 Qd8 21. a4 b4 22.
Nb1 c5 23. Nd2 Bg5 24. Nc4 Bxe3 25. Nxe3 Kg7 26. Bd5 Bc6 27. Ng4 f6 28. Qc4 Qb6
29. Rac1 Bxa4 30. b3 Bb5 31. Qc2 Rcd8 32. Qd2 Kh8 33. Bc4 Bxc4 34. Rxc4 Nb8 35.
Qd5 h5 36. Ne3 Nd7 37. Rc2 Kg7 38. Ra2 Rf7 39. Rda1 Nb8 40. Nc4 Qc6 41. Rxa7
Qxd5 42. exd5 Nd7 43. Rc7 g5 44. Raa7 e4 45. g4 hxg4 46. hxg4 f5 47. gxf5 Kf6
48. Rab7 Rh7 49. Nb6 e3 50. Nxd7+ Kxf5 51. Nxc5 e2 52. Rf7+ Kg4 53. f3+ 1-0

[Event "Campeonato del Mundo sub-20 2010"]
[Site "Chotowa POL"]
[Date "2010.08.14"]
[Round "11.34"]
[White "Larmuseau, Maarten"]
[Black "Krzyzanowski, Marcin"]
[Result "1/2-1/2"]
[WhiteElo "2277"]
[BlackElo "2377"]
[PlyCount "109"]
[EventDate "2010.08.03"]
[EventType "swiss"]
[EventRounds "13"]
[EventCountry "POL"]
[Source "lmi"]
[SourceDate "2010.08.03"]

1. e4 c5 2. Nf3 d6 3. Bb5+ Nd7 4. d4 cxd4 5. Qxd4 a6 6. Bxd7+ Bxd7 7. O-O Nf6
8. Bg5 h6 9. Bxf6 gxf6 10. Nc3 Rg8 11. Kh1 Bg7 12. Qd3 Rc8 13. Rfe1 Qa5 14.
Rad1 Qc5 15. Nd4 e6 16. Qg3 Qg5 17. Qxd6 Bf8 18. Qxd7+ Kxd7 19. Nf3+ Ke8 20.
Nxg5 fxg5 21. Rd3 f6 22. Red1 b5 23. R1d2 Rg7 24. Ne2 Rgc7 25. c3 b4 26. g3 a5
27. Kg2 a4 28. Rc2 Be7 29. Kf1 e5 30. g4 Kf7 31. b3 axb3 32. axb3 Ra7 33. Ng3
Ra3 34. c4 Rd8 35. Rcd2 Rxd3 36. Rxd3 Bc5 37. Nf5 Ra2 38. Rf3 Kg6 39. Kg2 Rb2
40. Ng3 Be7 41. Kf1 Kf7 42. Nh5 Rb1+ 43. Ke2 Rb2+ 44. Kd1 Rb1+ 45. Kc2 Re1 46.
Ng3 Bc5 47. h3 Ra1 48. Nf5 Ke6 49. Nxh6 Bxf2 50. Ng8 Bd4 51. Nxf6 Ra2+ 52. Kd1
Ra1+ 53. Ke2 Ra2+ 54. Kd1 Ra1+ 55. Ke2 1/2-1/2

[Event "Campeonato del Mundo sub-20 2010"]
[Site "Chotowa POL"]
[Date "2010.08.14"]
[Round "11.37"]
[White "Barski, Radoslaw"]
[Black "Huschenbeth, Niclas"]
[Result "0-1"]
[WhiteElo "2290"]
[BlackElo "2459"]
[PlyCount "96"]
[EventDate "2010.08.03"]
[EventType "swiss"]
[EventRounds "13"]
[EventCountry "POL"]
[Source "lmi"]
[SourceDate "2010.08.03"]

1. e4 c5 2. Nf3 d6 3. d4 cxd4 4. Nxd4 Nf6 5. Nc3 a6 6. Bg5 e6 7. f4 Nc6 8. e5
h6 9. Bh4 dxe5 10. Nxc6 Qxd1+ 11. Rxd1 bxc6 12. fxe5 Nd7 13. Ne4 Bb7 14. Bg3 c5
15. Nd6+ Bxd6 16. Rxd6 Ke7 17. Kf2 Be4 18. Bd3 Bxd3 19. Rxd3 c4 20. Rd6 Rhc8
21. Rhd1 Rc7 22. Ke3 a5 23. Ke4 a4 24. Be1 f5+ 25. Kd4 Rb8 26. a3 Rb5 27. Bb4
Kf7 28. Re1 Nb6 29. g3 c3 30. bxc3 Nc4 31. Rd8 Nb2 32. Ke3 Rxe5+ 33. Kf2 Rxe1
34. Rf8+ Kg6 35. Kxe1 Rd7 36. Ke2 Rc7 37. Rb8 Nc4 38. Ra8 e5 39. Rxa4 e4 40.
Be7 Kf7 41. Bd8 Rc8 42. Ra7+ Ke6 43. Be7 g5 44. h4 f4 45. hxg5 f3+ 46. Kf2 Ne5
47. gxh6 Ng4+ 48. Ke1 e3 0-1